000 00869nam0a22002531 4500
001 rc\334516
005 20030307122657.3
010 _a5-08-000679-X
_9400000
035 _a(NLR Aleph) 005569664
090 _a5998383
_c5998383
100 _a20030307d1989 u |0rusy50 ca
101 0 _arus
102 _aRU
105 _aa |||||||||
200 1 _aСтихотворения
_e[Для сред. и ст. возраста]
_fИван Бунин
_g[Сост., авт. предисл., с. 5-22, и примеч. В. Приходько]
_gХудож. Л. Бирюков
205 _a[3-е изд.]
210 _aМ.
_cДет. лит.
_d1989
215 _a110, [1] с.
_cил.
_d21
700 1 _aБунин
_bИ. А.
_f1870-1953
_gИван Алексеевич
801 0 _aRU
_bNLR
_gpsbo
801 1 _aRU
_bELAR
_2rusmarc
852 _aNLR
_j89-3/4172
942 _cBOOK
980 _aNB